| 000 | 01159nam a22003137a 4500 | ||
|---|---|---|---|
| 003 | CHAP | ||
| 005 | 20220329140059.0 | ||
| 008 | 971013s1983 mx r 00010 spa d | ||
| 010 | _a46706 | ||
| 011 | _a47678 | ||
| 035 | _a51821 | ||
| 040 | _cCHAP | ||
| 090 | _aTesis | ||
| 100 | 0 | 0 |
_aTinoco Alfaro, Carlos Alberto. _9113368 |
| 245 | 1 | 0 |
_aAdaptación de cinco genotipos de col (Brassica oleracea L. var. capitata) bajo tres densidades y tres fechas de siembra en la región de Marín, N.L. _c/por Carlos Alberto Tinoco Alfaro |
| 260 |
_aMarín, N.L. : _bEl autor, _c1983 |
||
| 300 | _a97 h. | ||
| 502 | _aTesis (Ing. Agr. Fitotecnista) -- Univ. Autónoma de Nuevo León. Fac. de Agronomía | ||
| 590 |
_aALEPH _b10 _c20130110 _lUCH01 _h1316 |
||
| 590 |
_aBATCH-UPD _b10 _c20130110 _lUCH01 _h2231 |
||
| 590 |
_aBATCH-UPD _b10 _c20130410 _lUCH01 _h1527 |
||
| 590 |
_aBATCH-UPD _b10 _c20130914 _lUCH01 _h1000 |
||
| 590 |
_aCONVERSION _b10 _c20130109 _lUCH01 _h1326 |
||
| 650 | 1 | 4 |
_aCol _xEfecto del medio ambiente. _924484 |
| 700 | 0 |
_aRebolledo Martínez, Andrés. _994963 |
|
| 901 | _aBK | ||
| 942 | _cTESIS | ||
| 949 |
_a541 T5y _bBC _cTES _d-115776 _eTS1 _i51821 _si |
||
| 999 |
_c46706 _d46706 |
||